00596nam a2200169 4500001000700000003000900007005001700016007000300033008004100036100006900077245015400146260003900300300002000339700002500359700002100384852002100405143018ES-MaACL20251122063128.0t|070214s1914 fr r ||||1| fre d1 aMontesquieu, Charles-Louis de Secondat, cbaron de, d1689-175510aCorrespondance de Montesquieu / cCharles-Louis de Secondat Montesquieu ; publiée par François Gebelin ; avec la collaboration de André Morize. aParis : bHonore Champion, c1914. a2 v. ; c24 cm.1 aGebelin, François.1 aMorize, André. aES-MaACLjF-5410